000 00571nam a2200217Ia 4500
003 OSt
005 20220924143357.0
006 a|||||r|||| 00| 0
007 ta
008 220923b |||||||| |||| 00| 0 urd d
024 _a307924
037 _cTextual
040 _aARTS
_cARTS
_burd
041 _2urd
_aurd
082 _aDelta73xG36,2:g, 168L0
100 _aAulia Nizamuddin
_9215575
245 0 _aSharah risala-e-tassauf
260 _c1970
942 _hDelta73xG36,2:g, 168L0
_cTEXL
_2CC
999 _c454232
_d454232